Films ayant fait plus de 10M d'entrées - Mort Subite - Statistiques

Statistiques générales
  • Ce quiz a été pris 450 fois
  • Le résultat moyen est 4 sur 20
Answers on the Grid
Answers color-coded by a green-red scale on the quiz's grid according to % correct below.
Blanche-Neige et les Sept Nains
Le Seigneur des anneaux : Le Retour du Roi
La Reine des Neiges
Les dix commandements
Avatar : La voie de l'eau
Les 101 Dalmatiens
Le Grand Bleu
Qu'est-ce qu'on a fait au Bon Dieu ?
Spider-Man : No Way Home
Intouchables
Les Bronzés 3 : Amis pour la vie
Les Visiteurs
Le Jour le plus long
Cendrillon
Vingt Mille Lieues sous les mers
Avatar
Harry Potter à l'école des sorciers
Taxi 2
Astérix et Obélix : Mission Cléopâtre
La guerre des boutons
Titanic
Bienvenue chez les Ch'tis
Bambi
La Grande Illusion
Star Wars, épisode I : La menace fantôme
Le Roi Lion (1994)
Le Roi Lion (2019)
Le Dîner de cons
Les Misérables
Le livre de la Jungle
 
Statistiques - réponses
Réponse % Correct
Avatar : La voie de l'eau
42%
Avatar
41%
Blanche-Neige et les Sept Nains
39%
Titanic
36%
Bienvenue chez les Ch'tis
33%
Intouchables
30%
Qu'est-ce qu'on a fait au Bon Dieu ?
25%
Astérix et Obélix : Mission Cléopâtre
24%
Les Visiteurs
23%
Le Roi Lion (1994)
19%
Les dix commandements
12%
Les Bronzés 3 : Amis pour la vie
10%
Taxi 2
9%
Le Roi Lion (2019)
8%
Le livre de la Jungle
4%
Les 101 Dalmatiens
4%
Cendrillon
3%
Le Jour le plus long
3%
Bambi
2%
La Grande Illusion
2%
Aucun quiz correspondant
Distribution des résultats
% des personnes avec chaque résultat
Percentile par nombre de réponses
Votre historique - résultats
Vous n’avez pas pris ce quiz